Az 1995-ös NAT értékelésének néhány kérdése
Elmentve itt :
| Szerző: | |
|---|---|
| Dokumentumtípus: | Cikk |
| Megjelent: |
2003
|
| Sorozat: | Iskolakultúra
13 No. 12 |
| Online Access: | http://misc.bibl.u-szeged.hu/39655 |
| LEADER | 00574nab a2200169 i 4500 | ||
|---|---|---|---|
| 001 | misc39655 | ||
| 005 | 20191106140808.0 | ||
| 008 | 180709s2003 hu o 0|| zxx d | ||
| 022 | |a 1215-5233 | ||
| 040 | |a SZTE Miscellanea Repozitórium |b hun | ||
| 041 | |a zxx | ||
| 100 | 1 | |a Ballér Endre | |
| 245 | 1 | 3 | |a Az 1995-ös NAT értékelésének néhány kérdése |h [elektronikus dokumentum] / |c Ballér Endre |
| 260 | |c 2003 | ||
| 300 | |a 3-18 | ||
| 490 | 0 | |a Iskolakultúra |v 13 No. 12 | |
| 856 | 4 | 0 | |u http://misc.bibl.u-szeged.hu/39655/1/EPA00011_iskolakultura_2003_12_003-018.pdf |z Dokumentum-elérés |